| 000 | 02113cam a22003014a 4500 | ||
|---|---|---|---|
| 999 |
_c3229 _d3229 |
||
| 001 | 14904131 | ||
| 003 | OSt | ||
| 005 | 20191105160811.0 | ||
| 008 | 070626s2007 ctua b 001 0 eng | ||
| 010 | _a 2007026225 | ||
| 020 | _a9781565492394 (alk. paper) | ||
| 040 |
_aDLC _cDLC _dDLC |
||
| 042 | _apcc | ||
| 043 | _ad------ | ||
| 050 | 0 | 0 |
_aHV555.D44 _bD48 2007 |
| 082 | 0 | 0 |
_a363.34 _222 _bDEV 2007 |
| 100 |
_aEdited by Eade, Deborah;Vaux, Tony. _913022 |
||
| 245 | 0 | 0 |
_aDevelopment and Humanitarianism: _bpractical issues |
| 260 |
_aBloomfield, CT. : _bKumarian Press, _c2007. |
||
| 300 |
_axv, 286 p. : _bill. ; _c23 cm. |
||
| 504 | _aIncludes bibliographical references and index. | ||
| 505 | 0 | _aIntroductory essay: Humanitarian trends and dilemmas / Tony Vaux -- The politics of emergency and the demise of the developing state : problems for humanitarian advocacy / Vanessa Pupavac -- Post-war aid : patterns and purposes / Astri Suhrke and Julia Buckmaster -- Humanitarianism and politics : the dangers of contrived separation / Volker Schimmel -- Who really protects civilians? / Andrew Bonwick -- Colombian peace communities : the role of NGOs in supporting resistance to violence and oppression / Gretchen Alther -- Women and war : protection through empowerment in El Salvador / Martha Thompson and Deborah Eade -- Everyday practices of humanitarian aid : tsunami response in Sri Lanka / Udan Fernando and Dorothea Hilhorst -- Aid partnership in the Bougainville conflict : the case of a local women's NGO and its donors / Jonathan Makuwira -- Art and disarmament : turning arms into plowshares in Mozambique / Frank James Tester -- Mission impossible : gender, conflict, and Oxfam GB / Suzanne Williams -- Women, gender, and conflict : making the connections / Martha Thompson -- Selected resources on contemporary humanitarianism / Deborah Eade. | |
| 650 | 0 |
_aHumanitarian Aid _97251 |
|
| 650 | 0 |
_aEconomic development _97252 |
|
| 856 | 4 | 1 |
_3Table of contents _uhttp://www.loc.gov/catdir/toc/fy0716/2007026225.html |
| 906 |
_a7 _bcbc _corignew _d1 _eecip _f20 _gy-gencatlg |
||
| 942 |
_2ddc _cSLOAN |
||